000 00839nam a2200241 i 4500
001 bg
100 1 _aUJMA, Janina
245 1 0 _aĆwiczenia laboratoryjne z chemii materiałów budowlanych :
_bskrypt /
_cJanina Ujma, Adam Banaszkiewicz, Alicja Mazanek ; Politechnika Częstochowska.
250 _aWyd. 3 przejrz. i popr.
260 _aCzęstochowa :
_bWydaw. PC,
_c1995.
300 _a161, [2] s. :
_brys., 1 wykr. ;
_c24 cm.
500 _aWyd. 1 pod hasłem i tyt. : Ćwiczenia laboratoryjne z chemii budowlanej.
504 _aBibliogr. s. [163].
650 9 _aMateriały budowlane
_xchemia
655 _aĆwiczenia i zadania
700 1 _aBANASZKIEWICZ, Adam
700 1 _aMAZANEK, Alicja
040 _cBPK
041 0 _apol
080 _a666:691:54](075.8)(076)
942 _cKS
008 s pl f |000 0 pol
999 _c24539
_d24539
856 _uhttp://koha.tu.koszalin.pl/cgi-bin/koha/opac-detail.pl?biblionumber=24539
_yKatalog online BPK